[Event "Wch U08 Girls"]
[White "Chen, Qinran"]
[Black "Marchis, Carla Ioana"]
[Site "Montesilvano"]
[Round "5"]
[Result "1-0"]
[Date "2024.11.19"]
[WhiteElo "1435"]
[BlackElo "1612"]
[PlyCount "167"]
[EventDate "2024.11.15"]
[EventType "swiss"]
[EventRounds "11"]
[EventCountry "ITA"]
[SourceTitle "CB48_2024"]
[SourceDate "2024.11.28"]
[SourceVersion "1"]
[SourceVersionDate "2024.11.28"]
[SourceQuality "1"]

1. e4 d5 2. exd5 Qxd5 3. Nc3 Qa5 4. d4 Nf6 5. Bd2 c6 6. Bc4 Qc7 7. Nf3 Bf5 8. Ne5 e6 9. Qe2 Bd6 10. Bc1 Nbd7 11. Nxd7 Qxd7 12. h3 Bb4 13. a3 Bxc3+ 14. bxc3 Ne4 15. Bb2 Nd6 16. Bd3 Bxd3 17. Qxd3 0-0 18. 0-0 Rfe8 19. Rfe1 Rad8 20. Qf3 Nf5 21. Bc1 Qd5 22. Qd3 Qa5 23. Re5 Rd5 24. Rxd5 Qxd5 25. Bf4 Rd8 26. Be3 Nh4 27. f3 Qd6 28. Bg5 Qg3 29. Bxh4 Qxh4 30. Qe3 Qg3 31. c4 Qd6 32. c3 c5 33. Rd1 h6 34. d5 b6 35. Rd3 a6 36. a4 Rd7 37. Kf2 Kf8 38. Qe4 f5 39. Qe3 e5 40. Rd2 Kf7 41. Qd3 Kf6 42. Re2 Re7 43. Qd1 g6 44. Qh1 Qd7 45. Qa1 Qd6 46. a5 b5 47. cxb5 axb5 48. Qb1 Rb7 49. c4 b4 50. Qb3 Qd7 51. Qe3 Qd6 52. Qxh6 f4 53. h4 Qe7 54. Rb2 Kf5 55. Rb1 Ra7 56. d6 Qf6 57. g3 fxg3+ 58. Kxg3 Ke6 59. Qd2 Kd7 60. Kg2 Ra6 61. Qd5 Rxd6 62. Qb7+ Ke8 63. Qb5+ Rd7 64. Rd1 Qe7 65. a6 Qd8 66. a7 Ke7 67. Rxd7+ Qxd7 68. Qxd7+ Kxd7 69. a8Q b3 70. Qb7+ Ke6 71. Qxb3 Kf5 72. Qd3+ Kf6 73. Qd6+ Kf5 74. Qxc5 Kf6 75. Qd6+ Kf7 76. c5 e4 77. fxe4 g5 78. c6 gxh4 79. c7 h3+ 80. Kh1 h2 81. c8Q Kg7 82. Qcd7+ Kg8 83. Qg6+ Kf8 84. Qgf7# 1-0